Kawalan dan pencegahan kebakaran di jabatan-jabatan Kerajaan

Bibliographic Details
Format: Book
Language:Malay
Published: Malaysia : Jabatan Perkhidmatan Bomba , 1987
Subjects:

MARC

LEADER 00000cam a2200000 7i4500
001 0000004215
005 20230704.0
008 991209 my may
040 |a INS 
090 0 0 |a SD421.   |b K22 1987 
245 1 0 |a Kawalan dan pencegahan kebakaran di jabatan-jabatan Kerajaan   |c Jabatan Perkhidmatan Bomba Malaysia, Kuala Lumpur 
260 |a Malaysia :   |b Jabatan Perkhidmatan Bomba ,   |c 1987 
650 0 |a Fire prevention 
650 0 |a Malaysia Jabatan Perkhidmatan Bomba 
999 |a 0000002894   |b BOOK   |c Open Shelf   |e Default branch